60 lời khuyên chống đau lưng
Nội dung sách gồm có 60 lời khuyên để trị bệnh đau lưng. Bạn đọc có thể đọc lần lượt từng lời khuyên theo thứ tự trình bày trong sách, rồi mới ứng dụng.
Gespeichert in:
| 1. Verfasser: | |
|---|---|
| Format: | Buch |
| Sprache: | Undetermined |
| Veröffentlicht: |
Đà Nẳng
Nhà xuất bản Đà Nẳng
2008
|
| Schlagworte: | |
| Tags: |
Tag hinzufügen
Keine Tags, Fügen Sie den ersten Tag hinzu!
|
| Thư viện lưu trữ: | Trung tâm Học liệu Trường Đại học Cần Thơ |
|---|
| LEADER | 00924nam a2200217Ia 4500 | ||
|---|---|---|---|
| 001 | CTU_132659 | ||
| 008 | 210402s9999 xx 000 0 und d | ||
| 020 | |c 25000 | ||
| 082 | |a 615.892 | ||
| 082 | |b M393 | ||
| 100 | |a Mary, Ronald | ||
| 245 | 0 | |a 60 lời khuyên chống đau lưng | |
| 245 | 0 | |c Ronald Mary ; Trần Thị Hạnh Hoa (dịch) | |
| 260 | |a Đà Nẳng | ||
| 260 | |b Nhà xuất bản Đà Nẳng | ||
| 260 | |c 2008 | ||
| 520 | |a Nội dung sách gồm có 60 lời khuyên để trị bệnh đau lưng. Bạn đọc có thể đọc lần lượt từng lời khuyên theo thứ tự trình bày trong sách, rồi mới ứng dụng. | ||
| 650 | |a Acupressure,Exercise therapy,Châm cứu,Thể dục trị liệu | ||
| 650 | |x Physical therapeutics | ||
| 904 | |i Tuyến | ||
| 980 | |a Trung tâm Học liệu Trường Đại học Cần Thơ | ||